En la elocuencia del silencio. Poesía
Salvato in:
| Autore principale: | |
|---|---|
| Altri autori: | |
| Natura: | Libro |
| Lingua: | inglese |
| Pubblicazione: |
Valparaíso, Chile:
Ediciones Universitarias de Valparaíso,
2021
|
| Soggetti: | |
| Tags: |
Aggiungi Tag
Nessun Tag, puoi essere il primo ad aggiungerne!!
|
MARC
| LEADER | 00000nam a22000007a 4500 | ||
|---|---|---|---|
| 003 | CL-VaPUC | ||
| 005 | 20220831150742.0 | ||
| 008 | 220615b2021 ||||| |||| 00| 0 eng d | ||
| 999 | |c 436040 |d 436038 | ||
| 020 | |a 978-956-17-0935-5 | ||
| 040 | |c Pontificia Universidad Católica de Valparaíso | ||
| 082 | 0 | 4 | |2 22 |a Ch861 ORT 2021 |
| 100 | 1 | |a Ortiz Lorca, Marta |e autora |9 870755 | |
| 245 | 1 | 0 | |a En la elocuencia del silencio. |b Poesía |
| 260 | |a Valparaíso, Chile: |b Ediciones Universitarias de Valparaíso, |c 2021 | ||
| 300 | |a 83 páginas | ||
| 500 | |a C.1 Donación. Ediciones Universitarias de Valparaíso. Memo 03/05/2022 | ||
| 583 | |c 20220615 |k Catalogador Asistente | ||
| 650 | 1 | |a Poesías chilenas |9 265280 | |
| 700 | |a Navarro Daniels, Vilma |e editora |9 870756 | ||
| 942 | |2 ddc |c BK | ||
| 952 | |0 0 |1 0 |2 ddc |4 0 |6 CH_861_000000000000000_ORT_2021 |7 0 |8 A |9 583747 |a BIBEDU |b BIBEDU |c GEN |d 2022-06-15 |e Donación |i 5651901 |o Ch861 ORT 2021 |p 5651901 |r 2022-06-15 |t 1 |w 2022-06-15 |y BK |k LIT | ||